Mikroekonómia zbierka príkladov

Salvato in:
Dettagli Bibliografici
Autore principale: Fendeková, Eleonora, 1952-
Altri autori: Grisáková, Nora, 1978-, Kintler, Jakub, 1979-, Kissová, Jana, 1979-, Čorejová, Tatiana, Pekár, Juraj, 1972-
Natura: Libro
Lingua:slovacco
Pubblicazione: Bratislava Wolters Kluwer 2018
Edizione:1. vydanie
Soggetti:
Tags: Aggiungi Tag
Nessun Tag, puoi essere il primo ad aggiungerne!!

MARC

LEADER 00000nam a2200000 4500
001 0251131
005 20240502074028.4
020 |a 978-80-8168-985-7 
020 |a 978-80-8168-986-4 
041 0 |a slo 
044 |a SK 
245 1 0 |a Mikroekonómia  |b zbierka príkladov  |c Eleonora Fendeková a kolektív ; recenzenti: Tatiana Čorejová, Juraj Pekár 
250 |a 1. vydanie 
264 1 |a Bratislava  |b Wolters Kluwer  |c 2018 
300 |a 344 s. [17,2 AH] 
610 2 0 |a mikroekonomika 
610 2 0 |a dopyt 
610 2 0 |a ponuka 
610 2 0 |a rovnováha trhová 
610 2 0 |a úžitok 
610 2 0 |a spotrebitelia 
610 2 0 |a produkty 
610 2 0 |a analýzy 
610 2 0 |a analýza nákladov 
610 2 0 |a konkurencia 
610 2 0 |a monopoly 
610 2 0 |a zdaňovanie 
610 2 0 |a diferenciácia cenová 
610 2 0 |a modely rovnováhy 
610 2 0 |a oligopoly 
610 2 0 |a regulácia cenová 
610 2 0 |a modely 
100 1 |a Fendeková, Eleonora, 1952- 
700 1 |a Grisáková, Nora, 1978- 
700 1 |a Kintler, Jakub, 1979- 
700 1 |a Kissová, Jana, 1979- 
700 1 |a Čorejová, Tatiana 
700 1 |a Pekár, Juraj, 1972-